000 01131nam a2200229Ia 4500
001 19377
003 GE_BSU
008 181216s||||||||xx |||||||||||||| ||und||
040 _cGE_BSU
080 _a72.036(479.22)
100 _aКвирквелия Т.Р, Н. М. Мгалоблишвилиi
245 _aАрхитектура Советской Грузии
245 _cРед: Т. А. Гатова
260 _aМосква
260 _bСтройиздат
260 _c1986
300 _a318стр, ил,22см
653 _aАрхитектура Советской Грузии
653 _aВ настоящей работе прослеживаются пути становления и развития архитектуры Грузии на протяжении советского периода ее истории. Основное внимание сосредоточено на анализе советской грузинской архитектуры, ее достижениях и перспективах развития,
653 _aარქიტექტურა
942 _cBK
999 _c52357
_d52357